00513nmm a2200169Ia 4500008004100000020001800041041000800059100003100067245007000098264005600168300001800224490001200242650001400254856005100268942000700319999001700326251105s9999||||xx |||||||||||||||||und|| a9789560006035 aspa aNúñez Atencio, Lautaro 0aAvísale, Freddy : Historia de un hombre y sus razones 1943-1973 a[Santiago de Chile, Chile] :bLOM Ediciones, c2015 a120 páginas aMemoria aBiography uhttps://public.digitaliapublishing.com/a/41651 cCF c93515d93515